00757 2200277 4500001002100000005001700021008004100038020002200079035002500101040001200126082001700138084001900155100001300174245006100187250001100248260003100259300003600290504003100326650002000357650002300377700001300400850001200413990001800425990001800443990001800461INLIS00000000000500320150811133324.0  a979-602-271-061-5 a0010-051500000000136 aYOPDYOG 223a616.9703 a616.9703 Soe K aSOEDARTO aKamus alergi dan imunologic/ Soedarto; Editor, Soedarto aCet. 1 aJakartabSagung Setoc2014 avi, 294 hlm.b: Ilus.c; 23 cm. aBibliografi: hlm. 293- 294 aAlergi -- Kamus aImunologi -- Kamus aSOEDARTO aYOPDYOG a12501-PD/B.15 a12502-PD/B.15 a12503-PD/B.15